Ekonomické aspekty novej energetickej politiky EÚ a jej vplyv na strategické rozvojové zámery SR s ohľadom na lisabonskú agendu
Guardado en:
| Autor principal: | |
|---|---|
| Autor Corporativo: | |
| Otros Autores: | , , , , , , , , , |
| Formato: | Libro |
| Lenguaje: | eslovaco |
| Publicado: |
Bratislava
Vydavateľstvo EKONÓM
2009
|
| Materias: | |
| Etiquetas: |
Sin Etiquetas, Sea el primero en etiquetar este registro!
|
MARC
| LEADER | 00000nam$a2200000$$$4500 | ||
|---|---|---|---|
| 001 | 0111245 | ||
| 005 | 20240502072230.4 | ||
| 020 | |a 978-80-225-2911-2 | ||
| 041 | 0 | |a slo | |
| 044 | |a SK | ||
| 245 | 1 | 0 | |a Ekonomické aspekty novej energetickej politiky EÚ a jej vplyv na strategické rozvojové zámery SR s ohľadom na lisabonskú agendu |c Peter Baláž a kolektív |
| 264 | 1 | |a Bratislava |b Vydavateľstvo EKONÓM |c 2009 | |
| 300 | |a 202 s. [17,536 AH] | ||
| 610 | 2 | 0 | |a energetika |
| 610 | 2 | 0 | |a politika energetická |
| 610 | 2 | 0 | |a stratégia hospodárska |
| 610 | 2 | 0 | |a trh energetický |
| 610 | 2 | 0 | |a palivá |
| 610 | 2 | 0 | |a bioenergetika |
| 610 | 2 | 0 | |a politika medzinárodná |
| 610 | 2 | 0 | |a Európska únia |
| 610 | 2 | 0 | |a Slovensko |
| 100 | 1 | |a Baláž, Peter | |
| 700 | 1 | |a Ružeková, Viera, 1957- | |
| 700 | 1 | |a Svobodová, Valéria | |
| 700 | 1 | |a Perényiová, Andrea | |
| 700 | 1 | |a Pullmanová, Terézia, 1953- | |
| 700 | 1 | |a Gavaľová, Viera | |
| 700 | 1 | |a Zábojník, Stanislav, 1984- | |
| 700 | 1 | |a Szökeová, Silvia | |
| 700 | 1 | |a Markovič, Juraj | |
| 700 | 1 | |a Krajčík, Daniel, 1981- | |
| 700 | 1 | |a Obadi, Saleh Mothana | |
| 710 | 2 | |a Ekonomická univerzita v Bratislave. Obchodná fakulta | |